Forestry and mountain village comunities in Japan (Record no. 147774)

MARC details
000 -LEADER
campo de control de longitud fija 00769nam a2200217 i 4500
001 - NÚMERO DE CONTROL
campo de control 147774
003 - IDENTIFICADOR DE NÚMERO DE CONTROL
campo de control ES-MaACL
005 - FECHA Y HORA DE LA ÚLTIMA TRANSACCIÓN
campo de control 20230906202241.0
007 - CAMPO FIJO DE DESCRIPCIÓN FÍSICA--INFORMACIÓN GENERAL
campo de control de longitud fija t|
008 - DATOS DE LONGITUD FIJA--INFORMACIÓN GENERAL
campo de control de longitud fija 071005s1964 ja ||||1| eng d
080 ## - NÚMERO DE LA CLASIFICACIÓN DECIMAL UNIVERSAL
Número de la Clasificación Decimal Universal 301.185.2
100 1# - ENTRADA PRINCIPAL--NOMBRE DE PERSONA
Nombre de persona Ushiomi, Toshitaka.
9 (RLIN) 112304
245 10 - MENCIÓN DEL TÍTULO
Título Forestry and mountain village comunities in Japan
Resto del título : Study of Human Relations /
Mención de responsabilidad, etc. Toshitaka Ushiomi.
260 ## - PUBLICACIÓN, DISTRIBUCIÓN, ETC.
Lugar de publicación, distribución, etc. Tokyo :
Nombre del editor, distribuidor, etc. Kokusai Bunka Shinkokai (The Society for International Cultural Relations),
Fecha de publicación, distribución, etc. 1964.
300 ## - DESCRIPCIÓN FÍSICA
Extensión 4 h., 107 p. :
Otras características físicas il. ;
Dimensiones 24 cm.
490 1# - MENCIÓN DE SERIE
Mención de serie Japanese Life And Culture ;
Designación de volumen o secuencia 4
651 #4 - PUNTO DE ACCESO ADICIONAL DE MATERIA--NOMBRE GEOGRÁFICO
Nombre geográfico Japón-
Subdivisión general Situación social.
9 (RLIN) 8888
830 0# - PUNTO DE ACCESO ADICIONAL DE SERIE-TÍTULO UNIFORME
Título uniforme Japanese Life And Culture ;
Designación de volumen o secuencia 4
9 (RLIN) 187487
852 ## - LOCALIZACIÓN
Ubicación ES-MaACL
Número de control de estantería C-26352
Sublocalización o colección R.55539
Holdings
Estatus retirado Estado de pérdida Estado de daño No para préstamo Biblioteca de origen Biblioteca actual Ubicación en estantería Fecha de adquisición Fuente de adquisición Total de préstamos Signatura topográfica completa Código de barras Visto por última vez Precio de reemplazo Tipo de ítem Koha
        Biblioteca del Ateneo de Madrid Biblioteca del Ateneo de Madrid Depósito 2 17/01/2008     C-26352 1154218 23/02/2023 23/02/2023 Libro impreso